| 000 | 00618nam a22002057a 4500 | ||
|---|---|---|---|
| 005 | 20130618120521.0 | ||
| 010 | _aENG-107364 | ||
| 020 |
_a9788120347106 _c350.00 |
||
| 035 | _aEN-90897 | ||
| 037 | _bDBAD/PUB | ||
| 082 | _a629.8 | ||
| 100 | _aSarkar, B.N. | ||
| 245 |
_aAdvanced control systems / _cby B.N. Sarkar |
||
| 260 |
_aNew Delhi _bPHI Learning _c2013 |
||
| 270 |
_aRimjhim House, 111, Patparganj Industrial Estate _bDelhi _e110092 |
||
| 300 |
_axii,363p.: _c24cm(pbk) _bill. |
||
| 500 | _aIncludes bibliographical references and index | ||
| 700 | _a | ||
| 942 |
_2ddc _cEN _mSAR _h629.8 |
||
| 999 |
_c76317 _d76317 |
||